000 01302nam a22001937a 4500
999 _c60383
_d60383
003 Ge_BSU
005 20230707152513.0
008 230707s2006ge xxu||||| |||| 00| 0 geo d
041 _ageo
080 _a94(479.6:470) გ-25
100 _aგასვიანი, გერონტი
_919198
245 _aჩრდილოეთ კავკასიის ხალხები უძველესი დროიდან XX საუკუნამდე /
_cგერონტი გასვიანი, თორნიკე გასვიანი, რედ. ფარნაოზ ლომაშვილი
264 _aთბილისი,
_c2006.
300 _a383 გვ.:
_b22 სმ.
653 _aჩრდილოეთ კავკასიის ხალხები უძველესი დროიდან XX საუკუნამდე
700 _aლომაშვილი, ფარნაოზ
_eრედაქტორი
_919199
710 _aსაქართველოს მეცნიერებათა აკადემია ივანე ჯავახიშვილის სახელობის ისტორიისა და ეთნოლოგიის ინსტიტუტი
_919200
942 _2udc
_cBK